Security In Banks (Record no. 482468)

MARC details
000 -LEADER
fixed length control field 00644nam a2200217Ia 4500
008 - FIXED-LENGTH DATA ELEMENTS--GENERAL INFORMATION
fixed length control field 100315s9999 xx 000 0 und d
040 ## - CATALOGING SOURCE
Transcribing agency ENGLISH 
082 ## - DEWEY DECIMAL CLASSIFICATION NUMBER
Item number 7733 
Classification number 332.9 
100 ## - MAIN ENTRY--PERSONAL NAME
Personal name "Jog, V.M. "
245 ## - TITLE STATEMENT
Title Security In Banks
260 ## - PUBLICATION, DISTRIBUTION, ETC. (IMPRINT)
Place of publication, distribution, etc PUNE 
Name of publisher, distributor, etc Anand  
Date of publication, distribution, etc 1992 
300 ## - PHYSICAL DESCRIPTION
Extent "vii,267  "
365 ## - TRADE PRICE
Price note Rupees 
Unit of pricing
Price amount 200.00 
366 ## - TRADE AVAILABILITY INFORMATION
Publishers' discount category
505 ## - FORMATTED CONTENTS NOTE
Miscellaneous information Vaibhav Gaikwad 
530 ## - ADDITIONAL PHYSICAL FORM AVAILABLE NOTE
Availability source Donated By RBI Library  
620 ## -
-- "Security in Banks, Bank Security, Security Planning, Security Devices, Legal Aspects of Security, "
630 ## - SUBJECT ADDED ENTRY--UNIFORM TITLE
Uniform title Security In Banks
730 ## - ADDED ENTRY--UNIFORM TITLE
Uniform title Security In Banks
942 ## - ADDED ENTRY ELEMENTS (KOHA)
Koha item type Book
Holdings
Withdrawn status Lost status Damaged status Not for loan Home library Current library Date acquired Cost, normal purchase price Total Checkouts Full call number Barcode Date last seen Price effective from Koha item type
        Dr. V. N. Bedekar Institute of Management Studies Library Dr. V. N. Bedekar Institute of Management Studies Library 04/16/2009 200.00   332.9 /JOG  7733  VPMBRIMS-7733  03/19/2010 03/19/2010 Book